Design and build (Record no. 75977)
[ view plain ]
| 000 -LEADER | |
|---|---|
| fixed length control field | 01123cab a2200181 4500 |
| 001 - CONTROL NUMBER | |
| control field | ##L131167 |
| 008 - FIXED-LENGTH DATA ELEMENTS--GENERAL INFORMATION | |
| fixed length control field | 051005n2005 000 0 eng u |
| 035 ## - SYSTEM CONTROL NUMBER | |
| System control number | (Sirsi) u131167 |
| 041 0# - LANGUAGE CODE | |
| Language code of text/sound track or separate title | eng |
| 245 00 - TITLE STATEMENT | |
| Title | Design and build |
| 260 ## - PUBLICATION, DISTRIBUTION, ETC. | |
| Date of publication, distribution, etc. | 2005 |
| 490 #0 - SERIES STATEMENT | |
| Series statement | Fire Engineers Journal and Fire Protection |
| Volume/sequential designation | 65(260) September 2005, 13-16 3) |
| 520 ## - SUMMARY, ETC. | |
| Summary, etc. | Reports that the ODPM has issued three consultation documents setting out the changes planned to fire safety aspects of the Building Regulations. The proposals include a requirement for building developers to pass on relevant fire-safety information to the owners of non-domestic premises before a completion certificate can be issued, the provision of sprinkler systems in high-rise apartments and residential care homes, and the fitting of additional smoke alarms in the bedrooms of apartment buildings and dwelling houses. Changes relating to firefighting facilities and access are also outlined. |
| 590 ## - LOCAL NOTE (RLIN) | |
| Local note | IKA111005 |
| 650 24 - SUBJECT ADDED ENTRY--TOPICAL TERM | |
| Topical term or geographic name entry element | BUILDING REGULATIONS 2000 APPROVED DOCUMENT B (2002 EDITION) |
| 690 ## - LOCAL SUBJECT ADDED ENTRY--TOPICAL TERM (OCLC, RLIN) | |
| Topical term or geographic name as entry element | MANAGEMENT-HEALTH AND SAFETY-FIRE SAFETY |
| 942 ## - ADDED ENTRY ELEMENTS (KOHA) | |
| Suppress in OPAC | 0 |
| Withdrawn status | Lost status | Source of classification or shelving scheme | Damaged status | Not for loan | Home library | Current library | Shelving location | Date acquired | Total Checkouts | Full call number | Barcode | Date last seen | Copy number | Price effective from | Koha item type |
|---|---|---|---|---|---|---|---|---|---|---|---|---|---|---|---|
| Dewey Decimal Classification | London | London | Journal article | 05/10/2005 | L131167 | 131167-1001 | 06/08/2019 | 1 | 06/08/2019 | Journal article |